| 000 | 01533nam a2200241 a 4500 | ||
|---|---|---|---|
| 008 | 120111s2009 ||||||||||||||||| || u | ||
| 050 | _aPAPERS/STAFF | ||
| 100 | _aKeane, Marcus | ||
| 245 | 1 | 2 | _aA strategic view of ICT supported cost management of green buildings in the quantity surveying practice |
| 260 |
_aUnited Kingdom _bValerie Robillard _c2009 |
||
| 300 | _aPaged | ||
| 350 | _a0.00 | ||
| 500 | _aThis article was published in the Journal of Financial Management of Property and Construction, Vol, 14. No.1, 2009. | ||
| 650 | _aBUILDINGS--ENVIRONMENTAL ASPECTS | ||
| 700 | _aMatipa, Wilfred. M | ||
| 700 | _aKelliher, Denis | ||
| 856 | _uwww.emeraldinsight.com/1366-4387.htm | ||
| 995 |
_aSPECIAL COLLECTIONS _D0.00 _e03008347 _FCBU-MAIN LIBRARY (Kitwe) _H1 _I0.00 _jPAPERS/STAFF/MATIPA _M3 _UAVAILABLE _WJan 11, 2012 _y03008347 _ZUniversity Collection |
||
| 995 |
_aSPECIAL COLLECTIONS _D0.00 _e03008346 _FCBU-MAIN LIBRARY (Kitwe) _H1 _I0.00 _jPAPERS/STAFF/MATIPA _M2 _UAVAILABLE _WJan 11, 2012 _y03008346 _ZUniversity Collection |
||
| 995 |
_aSPECIAL COLLECTIONS _D0.00 _e03008349 _FCBU-MAIN LIBRARY (Kitwe) _H1 _I0.00 _jPAPERS/STAFF/MATIPA _M5 _UAVAILABLE _WJan 11, 2012 _y03008349 _ZUniversity Collection |
||
| 995 |
_aSPECIAL COLLECTIONS _D0.00 _e03008345 _FCBU-MAIN LIBRARY (Kitwe) _H1 _I0.00 _jPAPERS/STAFF/MATIPA _M1 _UAVAILABLE _WJan 11, 2012 _y03008345 _ZUniversity Collection |
||
| 995 |
_aSPECIAL COLLECTIONS _D0.00 _e03008348 _FCBU-MAIN LIBRARY (Kitwe) _H1 _I0.00 _jPAPERS/STAFF/MATIPA _M4 _UAVAILABLE _WJan 11, 2012 _y03008348 _ZUniversity Collection |
||
| 999 |
_c76869 _d76869 |
||